| Tag |
First Indicator |
Second Indicator |
Subfields |
| LEADER |
00000cam a22000001a 4500 |
| 001 |
in00003288321 |
| 006 |
m d f |
| 007 |
cr bn mmmapmmp |
| 008 |
091021s1988 dcua ob f000 0 eng d |
| 005 |
20260504145636.9 |
| 035 |
|
|
|a cis2007455509
|
| 040 |
|
|
|a UMI
|c UMI
|d UtOrBLW
|
| 043 |
|
|
|a n-us---
|
| 074 |
|
|
|a 1025-A-1, 1025-A-2 (microfiche)
|
| 086 |
0 |
|
|a Y 4.Sci 2:100/134
|
| 099 |
|
|
|a HRG-1988-SST-0044
|
| 110 |
1 |
|
|a United States.
|b Congress.
|b House.
|b Committee on Science, Space, and Technology.
|b Subcommittee on Science, Research, and Technology.
|
| 245 |
1 |
0 |
|a Women, minorities, and the disabled in science and technology :
|b hearing before the Subcommittee on Science, Research, and Technology of the Committee on Science, Space, and Technology, House of Representatives, One Hundredth Congress, second session, June 28, 1988.
|
| 264 |
|
1 |
|a Washington :
|b U.S. G.P.O.,
|c 1988.
|
| 300 |
|
|
|a 1 online resource.
|
| 336 |
|
|
|a text
|b txt
|2 rdacontent
|
| 337 |
|
|
|a computer
|b c
|2 rdamedia
|
| 338 |
|
|
|a online resource
|b cr
|2 rdacarrier
|
| 500 |
|
|
|a Record is based on bibliographic data in ProQuest Congressional Hearings Digital Collection. Reuse except for individual research requires license from ProQuest, LLC.
|
| 504 |
|
|
|a Includes bibliographical references.
|
| 538 |
|
|
|a System requirements: PDF reader software.
|
| 500 |
|
|
|a Electronic resource.
|
| 650 |
|
0 |
|a Women in science
|z United States.
|
| 650 |
|
0 |
|a Minorities in science
|z United States.
|
| 650 |
|
0 |
|a People with disabilities
|x Employment
|z United States.
|
| 655 |
|
7 |
|a Electronic books.
|2 local
|
| 710 |
2 |
|
|a ProQuest (Firm)
|
| 776 |
0 |
8 |
|i Print version:
|a United States. Congress. House. Committee on Science, Space, and Technology. Subcommittee on Science, Research, and Technology.
|t Women, minorities, and the disabled in science and technology
|w (OCoLC)19039916
|w gp 89008421
|
| 776 |
0 |
8 |
|i Microfiche version:
|a United States. Congress. House. Committee on Science, Space, and Technology. Subcommittee on Science, Research, and Technology.
|t Women, minorities, and the disabled in science and technology.
|d [Bethesda, Md.] : ProQuest,[2004]
|o CIS 89 H701-24
|w (ProQuest)cis08901457
|
| 830 |
|
0 |
|a U.S. Congressional Hearings.
|
| 856 |
4 |
0 |
|u http://proxy.library.tamu.edu/login?url=https://congressional.proquest.com/congcomp/getdoc?HEARING-ID=HRG-1988-SST-0044
|z Connect to the full text of this electronic book
|t 0
|
| 998 |
|
|
|a cis08901457
|
| 999 |
|
|
|a MARS
|
| 999 |
f |
f |
|s 9463e1cd-cf2f-3a09-b9df-57558288f341
|i 1153c3a7-3e70-3fb7-8941-c2d9b9df31fc
|t 0
|
| 952 |
f |
f |
|a Texas A&M University
|b College Station
|c Electronic Resources
|s www_evans
|d Available Online
|t 0
|e HRG-1988-SST-0044
|h Other scheme
|
| 998 |
f |
f |
|a HRG-1988-SST-0044
|t 0
|l Available Online
|